000 01353nam a2200301 i 4500
001 000026953
003 DO-SdBNP
005 20240422101417.0
007 ta
008 110328s1999 dr 000 0 spa d
040 _aDO-SdBNP
_bspa
_cBNPHU
_erda
082 4 _a972.93052
_bG993o, 1999
_222
100 1 _aGuzmán, Avelino,
_d1963-
_953301
245 1 0 _aOcupación militar norteamericana 1916-1924 :
_bAspecto jurídico de la convención dominico-americana de 1907 /
_cAvelino Guzmán ; prólogo, Avelino Guzmán Vásquez.
250 _a2a edición,
264 _aSanto Domingo :
_bEditora Teófilo,
_c1999.
300 _a81 páginas ;
_c21 cm.
336 _2rdacontent
_atexto
_btxt
337 _2rdamedia
_asin mediación
_bn
338 _2rdacarrier
_avolumen
_bnc
504 _aBibliografía página 80
505 _aDedicatoria --
_tPrólogo --
_tIntroducción --
_tBreve reseña histórica del periodo comprendido entre 1844-1899 --
_tReferencia al periodo 1900-1916 --
_tEstablecimiento del gobierno militar norteamericano --
_tProceso de desocupación --
_tConclusiones y anexos.
590 _aInventariado, 2023/MFF
651 0 _aRepública Dominicana --
_xHistoria --
_yOcupación norteamericana, 1916-1924
_91926
700 1 _aGuzmán Vásquez, Avelino,
_eprólogo
_983625
910 _aValidado. Control de calidad MFF
942 _2ddc
_cLBS1
999 _c26445
_d26445